Micronesian languages on a map - Statistics

General Stats
  • This quiz has been taken 157 times
  • The average score is 6 of 20
Answers on the Map
Answers color-coded by a green-red scale on the quiz's map according to % correct below.
 
Answer Stats
Answer % Correct
Marshallese
83%
Gilbertese
80%
Nauru
77%
Chuukese
68%
Pohnpeian
55%
Kosraean
36%
Carolinian
32%
Tobian
23%
Sonsorolese
21%
Ulithian
13%
Woleaian
13%
Mokilese
9%
Satawalese
9%
Tanapag
9%
Mortlockese
8%
Pingelapese
8%
Puluwatese
8%
Namonuito
7%
Pááfang
7%
Pollapese
4%
No matching quizzes found
Score Distribution
Percent of People with Each Score
Percentile by Number Answered
Your Score History
You have not taken this quiz